000 00329nam a22001337a 4500
008 170526b xxu||||| |||| 00| 0 eng d
020 _a1894038231
041 _aeng
080 _a621(075.8)
100 _a25
101 _aIM
245 _aPRACTICAL HANDBBOOK OF STAINLESS STEELS &NICKEL ALLOYES
_cBRINGAS,J.E
942 _2udc
_cBK
999 _c14453
_d14453